000 00292nam a2200121Ia 4500
008 190802s9999 xx 000 0 und d
020 _a978-1-847-94624-9
100 _aCharles Duhigg
245 4 _aThe Power of Habit
260 _aUK
_bRandom House Books
_c2013
300 _a371:p
942 _cBK
999 _c2398
_d2398